000 00332nam a2200121Ia 4500
008 190722s9999 xx 000 0 und d
020 _a978-81-203-4951-3
100 _aSubir Ray
245 0 _aElectrical Power Systems (Concept , Theory and Practice)
260 _aNew Delhi
_bPHI Learning Pvt. Ltd.
_c2014
300 _a682
942 _cBK
999 _c335
_d335